Možnosti zohľadnenia rizika pri tvorbe podnikateľského plánu diplomová práca

Guardado en:
Detalles Bibliográficos
Autor principal: Smutný, Peter
Autor Corporativo: Fakulta podnikového manažmentu EU. Katedra podnikovohospodárska
Otros Autores: Rybárová, Daniela, 1967-
Formato: Libro
Lenguaje:eslovaco
Publicado: Bratislava 2013
Etiquetas: Agregar Etiqueta
Sin Etiquetas, Sea el primero en etiquetar este registro!

MARC

LEADER 00000nbm a2200000 4500
001 0171065
005 20161109102427.5
041 0 |a slo 
044 |a SK 
245 1 0 |a Možnosti zohľadnenia rizika pri tvorbe podnikateľského plánu  |b diplomová práca  |c Peter Smutný ; školiteľ: Daniela Rybárová 
264 1 |a Bratislava  |c 2013 
300 |a 77 s. 
100 1 |a Smutný, Peter 
700 1 |a Rybárová, Daniela, 1967- 
710 2 |a Fakulta podnikového manažmentu EU. Katedra podnikovohospodárska